000 00338nam a2200133Ia 4500
005 20251222143145.0
008 251222s9999||||xx |||||||||||||| ||spa||
020 _a978-84-9788-011-4
082 _a025.84/C28
100 _aCarreras Monfort, César
245 0 _aEvaluación TIC en el patrimonio cultural:
264 _bUOC
942 _cLIB
999 _c12456
_d12456